[Event "Catalunya-chT Gp3"]
[Site "Barcelona"]
[Date "2025.02.01"]
[Round "3.3"]
[White "Blanco Ronquillo, Humberto L"]
[Black "Baron Isanta, Jose Maria"]
[Result "0-1"]
[WhiteElo "2442"]
[BlackElo "2278"]
[PlyCount "70"]
[EventDate "2025.01.18"]
[EventType "team-tourn"]
[EventRounds "5"]
[EventCountry "ESP"]
[SourceTitle "CB07_2025"]
[SourceDate "2025.02.12"]
[SourceVersion "1"]
[SourceVersionDate "2025.02.12"]
[SourceQuality "1"]
[WhiteTeam "Badalona Cor de Marina"]
[BlackTeam "Catalonia Escas"]
[WhiteTeamCountry "ESP"]
[BlackTeamCountry "ESP"]

1. c4 Nf6 2. g3 c6 3. Bg2 d5 4. Nf3 g6 5. b3 Bg7 6. Bb2 0-0 7. 0-0 a5 8. Nc3 Ne4 9. d4 Nxc3 10. Bxc3 a4 11. cxd5 cxd5 12. bxa4 Nc6 13. Qb3 e6 14. Rfc1 Na5 15. Qd1 Nc4 16. Ne5 Bxe5 17. dxe5 Bd7 18. e4 Bxa4 19. Qd4 Bc6 20. Bb4 Re8 21. exd5 exd5 22. f4 Ra4 23. a3 b5 24. Qc5 Qa8 25. Rd1 Rd8 26. Re1 Re8 27. Kh1 Ra6 28. Qd4 Nxa3 29. e6 Nc2 30. Qf6 Rxe6 31. Rxa6 Rxe1+ 32. Bxe1 Qxa6 33. Bc3 d4 34. Bxc6 dxc3 35. Qxc3 b4 0-1

[Event "Catalunya-chT Gp3"]
[Site "Barcelona"]
[Date "2025.01.25"]
[Round "2.2"]
[White "Blanco Ronquillo, Humberto L"]
[Black "Movsziszian, Karen"]
[Result "1/2-1/2"]
[WhiteElo "2442"]
[BlackElo "2429"]
[PlyCount "67"]
[EventDate "2025.01.18"]
[EventType "team-tourn"]
[EventRounds "5"]
[EventCountry "ESP"]
[SourceTitle "CB07_2025"]
[SourceDate "2025.02.12"]
[SourceVersion "1"]
[SourceVersionDate "2025.02.12"]
[SourceQuality "1"]
[WhiteTeam "Badalona Cor de Marina"]
[BlackTeam "Sant Andreu"]
[WhiteTeamCountry "ESP"]
[BlackTeamCountry "ESP"]

1. c4 d6 2. d4 e5 3. Nc3 Nd7 4. e4 g6 5. Nf3 Bg7 6. Be2 Ngf6 7. 0-0 0-0 8. Be3 c6 9. d5 Ng4 10. Bg5 f6 11. Bd2 c5 12. Ne1 Nh6 13. Qc1 Nf7 14. g4 f5 15. gxf5 gxf5 16. exf5 Nb6 17. Bd3 Qh4 18. Ne4 Bxf5 19. Ng2 Qh3 20. Qc2 Nh6 21. Bxh6 Bxh6 22. Rae1 Kh8 23. f3 Rad8 24. Ng3 Bxd3 25. Qxd3 Rd7 26. Re4 Bf4 27. Nxf4 exf4 28. Qc3+ Rg7 29. Re7 Rfg8 30. Rxg7 Rxg7 31. Qf6 fxg3 32. Qf8+ Rg8 33. Qf6+ Rg7 34. Qf8+ 1/2-1/2

[Event "Titled Tuesday intern op 18th Jun Late"]
[Site "Chess.com INT"]
[Date "2024.06.18"]
[Round "2"]
[White "Jegorovas, Aleksandras"]
[Black "Blanco Ronquillo, Humberto L"]
[Result "0-1"]
[WhiteElo "2270"]
[BlackElo "2442"]
[PlyCount "52"]
[EventDate "2024.06.18"]
[EventType "swiss (blitz)"]
[EventRounds "11"]
[EventCountry "USA"]
[SourceTitle "EXT 2025"]
[Source "ChessBase"]
[SourceDate "2024.10.14"]
[SourceVersion "1"]
[SourceVersionDate "2024.10.14"]
[SourceQuality "1"]

1. d4 d5 2. c4 e6 3. Nf3 a6 4. Bg5 Be7 5. Bxe7 Qxe7 6. Nbd2 Nf6 7. g3 0-0 8. Bg2 Nbd7 9. 0-0 Rd8 10. Qc2 c5 11. cxd5 Nxd5 12. dxc5 Nxc5 13. Rac1 b6 14. Ne5 Bb7 15. a3 Rac8 16. Ne4 Nd7 17. Qxc8 Rxc8 18. Nxd7 Qxd7 19. Rxc8+ Bxc8 20. Rc1 Bb7 21. e3 g6 22. Rd1 Qe7 23. b4 Kg7 24. h4 Qc7 25. g4 Qc2 26. Rd4 e5 0-1

[Event "Titled Tuesday intern op 21st May Late"]
[Site "Chess.com INT"]
[Date "2024.05.21"]
[Round "5"]
[White "Blanco Ronquillo, Humberto L"]
[Black "Stanojevic, Ilija"]
[Result "1-0"]
[WhiteElo "2442"]
[BlackElo "2317"]
[PlyCount "49"]
[EventDate "2024.05.21"]
[EventType "swiss (blitz)"]
[EventRounds "11"]
[EventCountry "USA"]
[SourceTitle "CBM 220 Extra"]
[Source "ChessBase"]
[SourceDate "2024.07.31"]
[SourceVersion "1"]
[SourceVersionDate "2024.07.31"]
[SourceQuality "1"]

1. e4 c5 2. c3 e6 3. g3 d5 4. exd5 exd5 5. d4 cxd4 6. Qxd4 Nc6 7. Qd1 Bc5 8. Bg2 Nf6 9. Ne2 0-0 10. 0-0 h6 11. Nd2 Bg4 12. Nb3 Re8 13. Re1 Bb6 14. h3 Bh5 15. g4 Bxg4 16. hxg4 Nxg4 17. Ned4 Qh4 18. Re2 Re5 19. Bf4 Rae8 20. Bg3 Qh5 21. Rxe5 Ncxe5 22. Qc2 Ng6 23. Qf5 Qxf5 24. Nxf5 Re2 25. Bf3 1-0

[Event "Titled Tuesday intern op 21st May Late"]
[Site "Chess.com INT"]
[Date "2024.05.21"]
[Round "4"]
[White "Brzezina, Piotr"]
[Black "Blanco Ronquillo, Humberto L"]
[Result "1-0"]
[WhiteElo "2295"]
[BlackElo "2442"]
[PlyCount "67"]
[EventDate "2024.05.21"]
[EventType "swiss (blitz)"]
[EventRounds "11"]
[EventCountry "USA"]
[SourceTitle "CBM 220 Extra"]
[Source "ChessBase"]
[SourceDate "2024.07.31"]
[SourceVersion "1"]
[SourceVersionDate "2024.07.31"]
[SourceQuality "1"]

1. d4 d5 2. Nc3 Nf6 3. Bf4 a6 4. e3 e6 5. Nf3 c5 6. Be2 b5 7. a3 Bb7 8. 0-0 Nbd7 9. Ne5 Be7 10. Bf3 0-0 11. Re1 b4 12. axb4 cxb4 13. Na4 Rc8 14. Qd2 Ne4 15. Bxe4 dxe4 16. Nxd7 Qxd7 17. Nb6 Qc6 18. Nxc8 Rxc8 19. Rec1 g5 20. Bg3 h5 21. h3 Qb5 22. c4 Qf5 23. d5 exd5 24. cxd5 Rxc1+ 25. Rxc1 Bxd5 26. Rc7 Bf8 27. Qd4 h4 28. Qe5 Qxe5 29. Bxe5 Bg7 30. Bxg7 Kxg7 31. Rc5 Bb3 32. Rxg5+ Kf6 33. Ra5 Bc4 34. Ra4 1-0

[Event "Titled Tuesday intern op 21st May Late"]
[Site "Chess.com INT"]
[Date "2024.05.21"]
[Round "2"]
[White "De Souza, Arthur Olintho"]
[Black "Blanco Ronquillo, Humberto L"]
[Result "1-0"]
[WhiteElo "2113"]
[BlackElo "2442"]
[PlyCount "57"]
[EventDate "2024.05.21"]
[EventType "swiss (blitz)"]
[EventRounds "11"]
[EventCountry "USA"]
[SourceTitle "CBM 220 Extra"]
[Source "ChessBase"]
[SourceDate "2024.07.31"]
[SourceVersion "1"]
[SourceVersionDate "2024.07.31"]
[SourceQuality "1"]

1. Nf3 Nf6 2. b3 d5 3. Bb2 Bf5 4. d3 e6 5. Nbd2 h6 6. g3 Bh7 7. Bg2 Be7 8. 0-0 c5 9. Re1 Nc6 10. e4 Rc8 11. exd5 exd5 12. Ne5 Nxe5 13. Bxe5 0-0 14. Qf3 b6 15. Re2 Bg6 16. h3 Nd7 17. Rae1 Nxe5 18. Rxe5 Bf6 19. Rxd5 Qc7 20. Nc4 Rfe8 21. Rf1 Re6 22. h4 Rce8 23. h5 Bh7 24. Bh3 R6e7 25. Ne3 Re5 26. Rd7 Qb8 27. Nd5 Be7 28. Qf4 f6 29. Nxe7+ 1-0

[Event "Titled Tuesday intern op 21st May Late"]
[Site "Chess.com INT"]
[Date "2024.05.21"]
[Round "8"]
[White "Mei, Austin"]
[Black "Blanco Ronquillo, Humberto L"]
[Result "1-0"]
[WhiteElo "2280"]
[BlackElo "2442"]
[PlyCount "89"]
[EventDate "2024.05.21"]
[EventType "swiss (blitz)"]
[EventRounds "11"]
[EventCountry "USA"]
[SourceTitle "CBM 220 Extra"]
[Source "ChessBase"]
[SourceDate "2024.07.31"]
[SourceVersion "1"]
[SourceVersionDate "2024.07.31"]
[SourceQuality "1"]

1. e4 e5 2. f4 Bc5 3. Nf3 d6 4. Nc3 Nc6 5. Bb5 Nf6 6. d3 0-0 7. Na4 exf4 8. Bxc6 bxc6 9. Nxc5 dxc5 10. Bxf4 c4 11. 0-0 cxd3 12. cxd3 Ba6 13. Ne5 Qd4+ 14. Kh1 Qxb2 15. Nxc6 Qa3 16. Rf3 Bb5 17. Nd4 Ba4 18. Qe1 Rfd8 19. Nf5 Ne8 20. d4 Qf8 21. Qg3 Kh8 22. Bxc7 Rd7 23. Bf4 Bc2 24. Re1 f6 25. d5 Qb4 26. Rfe3 Rc8 27. Qg4 Qa4 28. h4 Rc4 29. Ng3 Re7 30. h5 h6 31. d6 Rd7 32. Qe6 Rc8 33. Nf5 Rcd8 34. Rc3 Qb4 35. Bd2 Ba4 36. Rd3 Qb5 37. Rd5 Qb2 38. Be3 Qxa2 39. Bd4 Bb3 40. Nxg7 Kxg7 41. Qg4+ Kf7 42. Qg6+ Kf8 43. Bxf6 Bxd5 44. exd5 Qf2 45. Be7+ 1-0

[Event "Titled Tuesday intern op 14th May Late"]
[Site "Chess.com INT"]
[Date "2024.05.14"]
[Round "1"]
[White "Blanco Ronquillo, Humberto L"]
[Black "Grozdanovic, Anastasia"]
[Result "1-0"]
[WhiteElo "2442"]
[BlackElo "2103"]
[PlyCount "73"]
[EventDate "2024.05.14"]
[EventType "swiss (blitz)"]
[EventRounds "11"]
[EventCountry "USA"]
[SourceTitle "CBM 220 Extra"]
[Source "ChessBase"]
[SourceDate "2024.07.31"]
[SourceVersion "1"]
[SourceVersionDate "2024.07.31"]
[SourceQuality "1"]

1. e4 c5 2. c3 d6 3. d4 cxd4 4. cxd4 g6 5. h3 Bg7 6. Nf3 Nf6 7. Bd3 Nc6 8. Nc3 Bd7 9. 0-0 0-0 10. Be3 Rc8 11. Rc1 e6 12. Qd2 Re8 13. Rfd1 a6 14. Bf4 e5 15. Be3 exd4 16. Nxd4 Qe7 17. Bb1 Nh5 18. Nd5 Qd8 19. Bg5 f6 20. Be3 Nxd4 21. Bxd4 Rxc1 22. Rxc1 f5 23. exf5 Bxf5 24. Bxf5 gxf5 25. Bxg7 Nxg7 26. Qh6 Re6 27. Qf4 Re4 28. Qd2 Ne6 29. Rc8 Qxc8 30. Ne7+ Kf7 31. Nxc8 Rd4 32. Nxd6+ Kf6 33. Qc3 Kg6 34. Nc4 Rd1+ 35. Kh2 Nd4 36. Ne5+ Kf6 37. Nf3 1-0

[Event "Titled Tuesday intern op 14th May Late"]
[Site "Chess.com INT"]
[Date "2024.05.14"]
[Round "3"]
[White "Blanco Ronquillo, Humberto L"]
[Black "Silva, Lucas"]
[Result "1-0"]
[WhiteElo "2442"]
[BlackElo "2248"]
[PlyCount "153"]
[EventDate "2024.05.14"]
[EventType "swiss (blitz)"]
[EventRounds "11"]
[EventCountry "USA"]
[SourceTitle "CBM 220 Extra"]
[Source "ChessBase"]
[SourceDate "2024.07.31"]
[SourceVersion "1"]
[SourceVersionDate "2024.07.31"]
[SourceQuality "1"]

1. e4 e5 2. Nf3 Nc6 3. d4 exd4 4. Nxd4 Bc5 5. Nb3 Bb4+ 6. c3 Be7 7. g3 Nf6 8. Bg2 d6 9. h3 a5 10. Nd4 0-0 11. 0-0 Bd7 12. Be3 Re8 13. c4 Bf8 14. Nc3 g6 15. Ndb5 Bg7 16. Qc2 Nb4 17. Qd2 Bc6 18. f3 Nd7 19. Rad1 Na6 20. Nd4 Nac5 21. b3 Ne6 22. Ndb5 Nec5 23. Kh2 b6 24. Rfe1 Bb7 25. Bg5 Qc8 26. Rb1 Ne5 27. a3 f5 28. f4 Ned3 29. exf5 Nxe1 30. Rxe1 Bxg2 31. Rxe8+ Qxe8 32. Qxg2 Rc8 33. f6 Bf8 34. Nd5 h6 35. Bh4 Qf7 36. b4 axb4 37. axb4 Ne6 38. Na7 Re8 39. Qd2 Nd8 40. Ne7+ Bxe7 41. fxe7 Ne6 42. Nc6 Kh7 43. Qd3 Ng7 44. Nd8 Qg8 45. g4 h5 46. Qe4 hxg4 47. hxg4 b5 48. cxb5 Qa2+ 49. Kh3 Qb3+ 50. Bg3 Kg8 51. Nc6 Qf7 52. Bh4 Kh7 53. Bf2 Qb3+ 54. Kg2 Qf7 55. Bd4 Ne6 56. Be3 Rxe7 57. Nxe7 Qxe7 58. f5 gxf5 59. gxf5 Qg7+ 60. Kf1 Qa1+ 61. Kg2 Ng7 62. f6+ Kg8 63. fxg7 Qxg7+ 64. Kf3 Qf6+ 65. Qf4 Qe6 66. Qg4+ Kf7 67. Qxe6+ Kxe6 68. Ke4 Kd7 69. Kd5 Kd8 70. Kc6 Kc8 71. b6 cxb6 72. b5 d5 73. Bxb6 d4 74. Bxd4 Kb8 75. b6 Ka8 76. b7+ Kb8 77. Be5+ 1-0

[Event "Titled Tuesday intern op 14th May Late"]
[Site "Chess.com INT"]
[Date "2024.05.14"]
[Round "8"]
[White "Rozman, Levy"]
[Black "Blanco Ronquillo, Humberto L"]
[Result "1-0"]
[WhiteElo "2322"]
[BlackElo "2442"]
[PlyCount "99"]
[EventDate "2024.05.14"]
[EventType "swiss (blitz)"]
[EventRounds "11"]
[EventCountry "USA"]
[SourceTitle "CBM 220 Extra"]
[Source "ChessBase"]
[SourceDate "2024.07.31"]
[SourceVersion "1"]
[SourceVersionDate "2024.07.31"]
[SourceQuality "1"]

1. e4 e5 2. Nf3 Nc6 3. c3 Nf6 4. d4 exd4 5. e5 Ne4 6. Qe2 d5 7. exd6 f5 8. Nbd2 Qxd6 9. Nxe4 fxe4 10. Qxe4+ Be7 11. Bc4 Rf8 12. Qxh7 Bf5 13. Qxg7 0-0-0 14. 0-0 Bf6 15. Qg3 dxc3 16. Qxd6 cxd6 17. bxc3 Bxc3 18. Bg5 Rd7 19. Rac1 Bb2 20. Rce1 d5 21. Bb5 Rg8 22. Bf4 Be4 23. Bg3 a6 24. Bxc6 bxc6 25. Rd1 c5 26. Nd2 Bd3 27. Rfe1 c4 28. Nb3 Bc3 29. Re6 Bc2 30. Rc1 Bxb3 31. axb3 Bb2 32. Rb1 c3 33. Re2 d4 34. Rexb2 cxb2 35. Rxb2 d3 36. Rd2 Re8 37. Kf1 Kb7 38. f3 Kc6 39. h4 Kb5 40. h5 Kb4 41. Bf4 Kc3 42. Ra2 Kxb3 43. Rxa6 d2 44. Rb6+ Kc2 45. Rc6+ Kd3 46. Bxd2 Kxd2 47. Kf2 Re2+ 48. Kg3 Rg7+ 49. Rg6 Re6 50. Rxg7 1-0

[Event "Titled Tuesday intern op 14th May Late"]
[Site "Chess.com INT"]
[Date "2024.05.14"]
[Round "11"]
[White "Santiago, Yago de Moura"]
[Black "Blanco Ronquillo, Humberto L"]
[Result "0-1"]
[WhiteElo "2464"]
[BlackElo "2442"]
[PlyCount "90"]
[EventDate "2024.05.14"]
[EventType "swiss (blitz)"]
[EventRounds "11"]
[EventCountry "USA"]
[SourceTitle "CBM 220 Extra"]
[Source "ChessBase"]
[SourceDate "2024.07.31"]
[SourceVersion "1"]
[SourceVersionDate "2024.07.31"]
[SourceQuality "1"]

1. d4 d5 2. c4 e6 3. Nf3 Nf6 4. Nc3 Nbd7 5. g3 dxc4 6. Bg2 Rb8 7. a4 Bb4 8. 0-0 0-0 9. Qc2 a6 10. Rd1 Qe7 11. e4 b5 12. axb5 axb5 13. e5 Nd5 14. Nxd5 exd5 15. Ng5 g6 16. Bxd5 Nb6 17. Be4 c5 18. Be3 cxd4 19. Rxd4 Bc5 20. h4 Bxd4 21. Bxd4 Rd8 22. Be3 Nd5 23. Bxd5 Rxd5 24. Bf4 Bf5 25. Qe2 Rbd8 26. Kh2 Rd3 27. Ra6 b4 28. e6 fxe6 29. Qe5 R3d5 30. Qe3 e5 31. Nf3 Re8 32. Ra7 Qc5 33. Bh6 Qxe3 34. Rg7+ Kh8 35. fxe3 Rd7 36. Rxd7 Bxd7 37. Ng5 Kg8 38. Ne4 Re6 39. Bg5 Bc6 40. Nc5 Rd6 41. g4 Rd2+ 42. Kg3 Rxb2 43. Bf6 Rg2+ 44. Kh3 Re2 45. Bxe5 Rxe3+ 0-1

[Event "Titled Tuesday intern op 14th May Late"]
[Site "Chess.com INT"]
[Date "2024.05.14"]
[Round "5"]
[White "Solcan, Martin"]
[Black "Blanco Ronquillo, Humberto L"]
[Result "0-1"]
[WhiteElo "2240"]
[BlackElo "2442"]
[PlyCount "70"]
[EventDate "2024.05.14"]
[EventType "swiss (blitz)"]
[EventRounds "11"]
[EventCountry "USA"]
[SourceTitle "CBM 220 Extra"]
[Source "ChessBase"]
[SourceDate "2024.07.31"]
[SourceVersion "1"]
[SourceVersionDate "2024.07.31"]
[SourceQuality "1"]

1. g3 d5 2. Nf3 Nf6 3. Bg2 c6 4. 0-0 g6 5. d4 Bg7 6. c4 0-0 7. b3 a5 8. Bb2 a4 9. Nbd2 Bf5 10. Ne5 a3 11. Bc3 Nbd7 12. Nxd7 Qxd7 13. Rc1 h5 14. Re1 Rfd8 15. e3 h4 16. Nf3 h3 17. Bf1 Ne4 18. Bb4 Bg4 19. Be2 Bf6 20. Nd2 Bxe2 21. Qxe2 Nxd2 22. Qxd2 Qf5 23. Qe2 e5 24. dxe5 Bxe5 25. f4 Bb2 26. Rcd1 Re8 27. cxd5 cxd5 28. Qf3 Re4 29. Bc5 Rae8 30. g4 Qe6 31. Qxh3 b6 32. Bb4 Rxb4 33. Qf3 Re4 34. Rd3 d4 35. f5 Qf6 0-1

[Event "Titled Tuesday intern op 19th Mar Late"]
[Site "Chess.com INT"]
[Date "2024.03.19"]
[Round "4"]
[White "Blanco Ronquillo, Humberto L"]
[Black "Kavyev, Ruslan"]
[Result "1-0"]
[WhiteElo "2442"]
[BlackElo "2282"]
[PlyCount "67"]
[EventDate "2024.03.19"]
[EventType "swiss (blitz)"]
[EventRounds "11"]
[EventCountry "USA"]
[SourceTitle "EXT 2025"]
[Source "ChessBase"]
[SourceDate "2024.10.14"]
[SourceVersion "1"]
[SourceVersionDate "2024.10.14"]
[SourceQuality "1"]

1. e4 c5 2. Nf3 Nc6 3. Bb5 g6 4. Bxc6 bxc6 5. 0-0 f6 6. Re1 d6 7. h3 Nh6 8. c3 Nf7 9. d4 cxd4 10. cxd4 Bg7 11. Nc3 0-0 12. Be3 d5 13. Rc1 Bb7 14. Qb3 Qb6 15. Qa3 Rfe8 16. Na4 Qa6 17. Qb3 Rab8 18. Nc5 Qb6 19. Qa3 Rbd8 20. Rc3 Ba8 21. Rb3 Qc7 22. Ne6 Qd7 23. Nxd8 Rxd8 24. exd5 Qxd5 25. Qxe7 f5 26. Qc5 Qd7 27. Ne5 Nxe5 28. dxe5 Bf8 29. Qc4+ Qd5 30. Qxd5+ cxd5 31. Bd4 Re8 32. Rc1 Be7 33. Rc7 Bg5 34. Rxa7 1-0

[Event "Titled Tuesday intern op 02nd Jan Late"]
[Site "Chess.com INT"]
[Date "2024.01.02"]
[Round "11"]
[White "Blanco Ronquillo, Humberto L"]
[Black "Mullodzhanov, Nathaniel"]
[Result "1/2-1/2"]
[WhiteElo "2442"]
[BlackElo "1878"]
[PlyCount "170"]
[EventDate "2024.01.02"]
[EventType "swiss (blitz)"]
[EventRounds "11"]
[EventCountry "USA"]
[SourceTitle "EXT 2025"]
[Source "ChessBase"]
[SourceDate "2024.10.14"]
[SourceVersion "1"]
[SourceVersionDate "2024.10.14"]
[SourceQuality "1"]

1. e4 c6 2. d4 d5 3. exd5 cxd5 4. Bd3 Nc6 5. c3 Nf6 6. h3 g6 7. Qc2 Bg7 8. Nf3 0-0 9. 0-0 Bd7 10. Re1 Rc8 11. a3 e6 12. Be3 Qc7 13. Nbd2 Nh5 14. Rad1 Nf4 15. Bf1 e5 16. dxe5 Nxe5 17. Nxe5 Bxe5 18. Nf3 Bg7 19. Qd2 Ne6 20. Qxd5 Bc6 21. Qd6 Bxf3 22. Qxc7 Rxc7 23. gxf3 b6 24. Rd5 Rd8 25. Red1 Rxd5 26. Rxd5 Kf8 27. Bb5 Ke7 28. Kf1 Kf6 29. Ke2 Bf8 30. Kd2 Bc5 31. Bf1 g5 32. b4 Bf8 33. Bd3 h5 34. Rf5+ Ke7 35. h4 gxh4 36. Rxh5 Bg7 37. c4 Bf6 38. f4 Rd7 39. f5 Nd4 40. Bxd4 Rxd4 41. f3 Kd6 42. Ke3 Ke5 43. Rh7 Rd7 44. f4+ Kd6 45. Be4 Re7 46. Kd3 a5 47. Bd5 axb4 48. axb4 Ra7 49. Rxf7 Rxf7 50. Bxf7 h3 51. Bd5 Bh4 52. Bh1 Bg3 53. Ke4 Be1 54. b5 Bh4 55. Kd4 Bf6+ 56. Ke4 Bh4 57. Kf3 Kc5 58. Kg4 Bf6 59. Bd5 h2 60. Kh3 h1Q+ 61. Bxh1 Kxc4 62. Bc6 Kd4 63. Kg4 Ke3 64. Bd7 Be7 65. Be8 Bf6 66. Bc6 Be7 67. Kh5 Kxf4 68. Kg6 Ke5 69. Kf7 Bf6 70. Bd7 Bh4 71. Kg7 Bd8 72. Kg6 Bf6 73. Bc6 Bd8 74. Kf7 Bf6 75. Bd7 Bh4 76. Bc8 Bf6 77. Ke8 Bh4 78. Be6 Kd6 79. Kf7 Ke5 80. Kg7 Bf6+ 81. Kg6 Bd8 82. Bd7 Kd6 83. Bc6 Ke5 84. Be8 Bh4 85. Bc6 Bd8 1/2-1/2

[Event "Titled Tuesday intern op 02nd Jan Late"]
[Site "Chess.com INT"]
[Date "2024.01.02"]
[Round "3"]
[White "Salazar Farias, Luis German"]
[Black "Blanco Ronquillo, Humberto L"]
[Result "1-0"]
[WhiteElo "2268"]
[BlackElo "2442"]
[PlyCount "95"]
[EventDate "2024.01.02"]
[EventType "swiss (blitz)"]
[EventRounds "11"]
[EventCountry "USA"]
[SourceTitle "EXT 2025"]
[Source "ChessBase"]
[SourceDate "2024.10.14"]
[SourceVersion "1"]
[SourceVersionDate "2024.10.14"]
[SourceQuality "1"]

1. d4 d5 2. c4 e6 3. Nf3 Nf6 4. g3 dxc4 5. Bg2 c5 6. 0-0 Nc6 7. dxc5 Qxd1 8. Rxd1 Bxc5 9. Nbd2 c3 10. bxc3 0-0 11. Nb3 Be7 12. Nfd4 Nxd4 13. cxd4 Nd5 14. Bd2 f5 15. Na5 b6 16. Nc6 Bd6 17. Nb4 Bb7 18. Nxd5 exd5 19. a4 Rac8 20. a5 b5 21. a6 Ba8 22. Rab1 Rb8 23. Bb4 Rfd8 24. Rdc1 Kf7 25. Bxd6 Rxd6 26. Rc7+ Kf6 27. Rxa7 b4 28. Rb3 Rc6 29. e3 Rc1+ 30. Bf1 Ra1 31. Kg2 Ra3 32. Rb1 b3 33. Rc7 b2 34. a7 Rb6 35. Be2 Ra1 36. Bd3 Rxb1 37. Bxb1 Ra6 38. Rc2 Rxa7 39. Rxb2 g6 40. Rb6+ Ke7 41. Bd3 Bb7 42. Be2 Bc8 43. h4 Be6 44. Bf3 h6 45. Rb5 Kd6 46. Rb8 Ke7 47. Rh8 h5 48. Rh7+ 1-0

[Event "Titled Tuesday intern op 31st Oct Late"]
[Site "Chess.com INT"]
[Date "2023.10.31"]
[Round "11"]
[White "Bjelobrk, Igor"]
[Black "Blanco Ronquillo, Humberto L"]
[Result "0-1"]
[WhiteElo "2403"]
[BlackElo "2442"]
[PlyCount "70"]
[EventDate "2023.10.31"]
[EventType "swiss (blitz)"]
[EventRounds "11"]
[EventCountry "USA"]
[SourceTitle "EXT 2025"]
[Source "ChessBase"]
[SourceDate "2024.10.14"]
[SourceVersion "1"]
[SourceVersionDate "2024.10.14"]
[SourceQuality "1"]

1. d4 d5 2. c4 e6 3. Nf3 Nf6 4. g3 dxc4 5. Bg2 c5 6. 0-0 Nc6 7. dxc5 Qxd1 8. Rxd1 Bxc5 9. Nbd2 c3 10. bxc3 0-0 11. Nb3 Be7 12. Nfd4 Nxd4 13. Rxd4 e5 14. Rd1 Rb8 15. Na5 Bg4 16. Bxb7 Bd8 17. Nc6 Rxb7 18. Nxd8 Rc7 19. Ba3 Re8 20. f3 Bd7 21. Bd6 Rxc3 22. Nb7 Rc2 23. e4 Bh3 24. Nc5 Rg2+ 25. Kh1 Rf2 26. Rd3 h5 27. Kg1 Rg2+ 28. Kh1 Rc2 29. a3 Rc8 30. Nb3 Re2 31. Nc5 h4 32. g4 Nh7 33. Rad1 Ng5 34. R3d2 Bg2+ 35. Kg1 Nh3# 0-1

[Event "Titled Tuesday intern op 31st Oct Late"]
[Site "Chess.com INT"]
[Date "2023.10.31"]
[Round "9"]
[White "Blanco Ronquillo, Humberto L"]
[Black "Asylov, Miras"]
[Result "1/2-1/2"]
[WhiteElo "2442"]
[BlackElo "2267"]
[PlyCount "195"]
[EventDate "2023.10.31"]
[EventType "swiss (blitz)"]
[EventRounds "11"]
[EventCountry "USA"]
[SourceTitle "EXT 2025"]
[Source "ChessBase"]
[SourceDate "2024.10.14"]
[SourceVersion "1"]
[SourceVersionDate "2024.10.14"]
[SourceQuality "1"]

1. e4 c5 2. c3 Nf6 3. e5 Nd5 4. d4 cxd4 5. Nf3 e6 6. cxd4 d6 7. Bc4 Be7 8. 0-0 0-0 9. a3 b6 10. Bxd5 exd5 11. Nc3 Be6 12. Bf4 Nc6 13. Rc1 Rc8 14. Nb5 dxe5 15. dxe5 Bg4 16. h3 Bh5 17. Re1 Re8 18. Qb3 Bc5 19. Rcd1 Bxf3 20. Qxf3 d4 21. b4 Bf8 22. Nd6 Bxd6 23. exd6 Qd7 24. Qd5 a6 25. Rxe8+ Rxe8 26. Rc1 Rc8 27. a4 h6 28. b5 axb5 29. axb5 Nb8 30. Rc7 Rxc7 31. dxc7 Qxd5 32. cxb8Q+ Kh7 33. Qe5 Qc4 34. Qf5+ Kg8 35. Qe4 Qxb5 36. Qxd4 Qc6 37. Bd2 b5 38. Bc3 f6 39. h4 Qe8 40. g3 Qc6 41. h5 Kh7 42. Qd3+ Kg8 43. Qe3 Qd7 44. Qf3 Qe8 45. Qd5+ Kh8 46. Kg2 Qb8 47. Bb4 Qe8 48. Bd6 Qd7 49. Qc5 Kh7 50. Bf4 Qe8 51. Qc2+ Kh8 52. Qg6 Qd7 53. Qe4 Kg8 54. Qa8+ Kh7 55. Qb8 Qe7 56. Qxb5 Qe4+ 57. Kg1 Qc2 58. Qf1 Qe4 59. Qc1 Qf5 60. Qd1 Qe4 61. Qg4 Qb1+ 62. Kg2 Qe4+ 63. Kh2 Qc2 64. Kg1 Qb1+ 65. Kg2 Qe4+ 66. Qf3 Qf5 67. Be3 Qc2 68. g4 Kh8 69. Qf5 Qb3 70. Kg3 Qc4 71. Qd7 Kh7 72. Qe8 Qa2 73. Qg6+ Kh8 74. Qe4 Qf7 75. Kf3 Qa2 76. Qe8+ Kh7 77. Qg6+ Kh8 78. Bxh6 Qa8+ 79. Kg3 gxh6 80. Qxh6+ Kg8 81. Qg6+ Kh8 82. Qxf6+ Kh7 83. g5 Qh1 84. g6+ Kh6 85. g7+ Kxh5 86. Qf7+ Kh6 87. g8Q Qg1+ 88. Kf3 Qd1+ 89. Ke4 Qc2+ 90. Kf3 Qd1+ 91. Kg2 Qg4+ 92. Kf1 Qd1+ 93. Kg2 Qg4+ 94. Kh2 Qh4+ 95. Kg1 Qg4+ 96. Kh1 Qh4+ 97. Kg1 Qg4+ 98. Qxg4 1/2-1/2

[Event "Titled Tuesday intern op 31st Oct Late"]
[Site "Chess.com INT"]
[Date "2023.10.31"]
[Round "1"]
[White "Blanco Ronquillo, Humberto L"]
[Black "Gabdushev, Ruslan"]
[Result "1-0"]
[WhiteElo "2442"]
[BlackElo "2256"]
[PlyCount "49"]
[EventDate "2023.10.31"]
[EventType "swiss (blitz)"]
[EventRounds "11"]
[EventCountry "USA"]
[SourceTitle "EXT 2025"]
[Source "ChessBase"]
[SourceDate "2024.10.14"]
[SourceVersion "1"]
[SourceVersionDate "2024.10.14"]
[SourceQuality "1"]

1. e4 c6 2. d4 g6 3. h3 Bg7 4. Nf3 d6 5. Bd3 Nf6 6. Be3 0-0 7. Nbd2 Qc7 8. 0-0 e5 9. c3 Re8 10. a4 a5 11. dxe5 dxe5 12. Nc4 Nfd7 13. b4 axb4 14. cxb4 Na6 15. Qb3 Bf8 16. Bd2 b6 17. Rac1 Ndb8 18. Qb2 f6 19. a5 bxa5 20. Nxa5 Qb6 21. Rb1 Be6 22. Nc4 Qb7 23. Rfc1 Nc7 24. Na5 Rd8 25. Nxb7 1-0

[Event "Titled Tuesday intern op 31st Oct Late"]
[Site "Chess.com INT"]
[Date "2023.10.31"]
[Round "6"]
[White "Friedland, Moshe"]
[Black "Blanco Ronquillo, Humberto L"]
[Result "0-1"]
[WhiteElo "2200"]
[BlackElo "2442"]
[PlyCount "74"]
[EventDate "2023.10.31"]
[EventType "swiss (blitz)"]
[EventRounds "11"]
[EventCountry "USA"]
[SourceTitle "EXT 2025"]
[Source "ChessBase"]
[SourceDate "2024.10.14"]
[SourceVersion "1"]
[SourceVersionDate "2024.10.14"]
[SourceQuality "1"]

1. a3 e5 2. c4 Nf6 3. d3 c6 4. Nf3 Bd6 5. Bg5 h6 6. Bh4 Bc7 7. Nc3 g5 8. Bg3 d6 9. e3 Bf5 10. d4 Qe7 11. Be2 Nbd7 12. 0-0 0-0 13. c5 dxc5 14. dxe5 Nxe5 15. Nxe5 Bxe5 16. Bxe5 Qxe5 17. Qb3 b6 18. Bf3 Bd3 19. Rfd1 c4 20. Qa4 b5 21. Qa6 Rab8 22. Qxa7 Rfd8 23. Bxc6 Ng4 24. g3 Qf6 25. f3 Nxh2 26. Kxh2 Qxc6 27. e4 b4 28. axb4 Rxb4 29. Qe7 Rxb2+ 30. Kg1 Qb6+ 31. Kh1 Rb8 32. Ra7 Rf8 33. Nd5 Qf2 34. Nf6+ Kg7 35. Ne8+ Kh7 36. Nf6+ Kg6 37. Qxf7+ Rxf7 0-1